000 00729nam a22002297a 4500
003 UA-OsUOA
001 74324
007 ta
008 20110401b un ||||| |||| 00| 0 ukr d
090 _a021/091(477.25)
_bБ67
942 _cBK
040 _aUA-OsUOA
_bukr
_cUA-OsUOA
_dUA-OsUOA
245 _aБібліотеки Києва в період нацистської окупації (1941 - 1943)
_bДослідження. Анотований покажчик. Публікації документів.
300 _a812 с.
955 _a2
041 _aukr
080 _a021/091(477.25)
020 _a966-02-3364-7
260 _aК.
_c2004
650 7 _a02 Бібліотечна справа
_2UDC
999 _c360612
_d360612